Statistics for Iconic Cars and the Country of Origin Pictures

Click here to take the quiz!

General Stats

  • This quiz has been taken 61 times
  • The average score is 19 of 24

Answer Stats

Answer % Correct
Germany / VW
96%
USA / Cadillac
93%
UK / Rolls Royce
91%
Sweden / Volvo
89%
USA / Chevrolet
89%
Italy / Ferrari
89%
USA / Ford
87%
UK / MIni Cooper
87%
Japan / Toyota
87%
Germany / BMW
87%
Germany / Mercedes
87%
USA / Corvette
87%
Italy / Lamborghini
85%
UK / Jaguar
85%
UK / Aston Martin
85%
USA / Mustang
83%
Japan / Suzuki
78%
USA / Chrysler
78%
Italy / Fiat
76%
France / Citroen
72%
Russia / Lada
63%
UK / Morris
63%
France / Renault
56%
Germany / Heinkel
54%

Score Distribution

Percentile by Number Answered

Percent of People with Each Score

Your Score History

You have not taken this quiz